000 00397nam a2200181Ia 4500
003 0STCL
008 150530s9999 xx 000 0 und d
040 _aSTCL
_cSTCL
100 _aNarayana Panicker,R.
245 _aSree Ramanujanezhuthachan
250 _a1
260 _bAuthor
_c1930
300 _a0
546 _aMalayalam
942 _2ddc
_cBK
999 _c79000
_d79000
005 20220125171713.0